La cita en la escritura académica (Record no. 169664)

MARC details
000 -CABECERA
campo de control de longitud fija 00712nab a2200217 a 4500
005 - FECHA Y HORA DE LA ÚLTIMA TRANSACCIÓN
campo de control 20210219162101.0
008 - ELEMENTOS DE LONGITUD FIJA--INFORMACIÓN GENERAL
campo de control de longitud fija 991125s1985 mx 000 0 spa u
035 ## - NÚMERO DE CONTROL DEL SISTEMA
Número de control de sistema UPN01000197563
049 ## - COLECCIÓN
Colección ART
100 1# - ASIENTO PRINCIPAL--NOMBRE PERSONAL
Nombre de persona Angulo Marcial, Noel
222 ## - TÍTULO CLAVE
Título clave INNOVACION EDUCATIVA
245 ## - MENCIÓN DE TÍTULO
Título La cita en la escritura académica
260 ## - PUBLICACIÓN, DISTRIBUCIÓN, ETC.
Lugar de publicación, distribución, etc. México
300 ## - DESCRIPCIÓN FÍSICA
Extensión 95-116
362 0# - FECHAS DE PUBLICACIÓN Y/O DESIGNACIÓN SECUENCIAL
Fecha de publicación y/o designación secuencial 2013 3a época, vol. 13, no. 63, sept.-dic.
653 0# - TERMINO DE INDIZACION - NO CONTROLADO
Término no controlado CITAS BIBLIOGRAFICAS
653 0# - TERMINO DE INDIZACION - NO CONTROLADO
Término no controlado TEXTOS ACADEMICOS
653 0# - TERMINO DE INDIZACION - NO CONTROLADO
Término no controlado PRODUCCION CIENTIFICA
856 1# - LOCALIZACIÓN Y ACCESO ELECTRÓNICOS
Identificador Uniforme del Recurso <a href="http://www.innovacion.ipn.mx/Revistas/Documents/Revistas%202013/Innovaci%C3%B3n-Educativa-63/5-63La-cita-en-la-escritura-acad%C3%A9mica.pdf">http://www.innovacion.ipn.mx/Revistas/Documents/Revistas%202013/Innovaci%C3%B3n-Educativa-63/5-63La-cita-en-la-escritura-acad%C3%A9mica.pdf</a>
905 ## - TIPO DE MATERIAL
Tipo de material Articulo

No items available.